000 00751nam a2200265 i 4500
001 C2-0305522
003 PPAK
005 20180728090813.0
008 100824s2010 my a|||| ||||| | may d
020 _a9789675008634
040 _aPPAK
_beng
_cPPAK
_erda
082 0 4 _a915.95
_223
090 0 0 _a915.95
_bASM
_dRK
100 0 _aAsma Hasna,
_eauthor
245 1 0 _aLokasi bersejarah
264 1 _aSubang Jaya, Selangor :
_bMinda Ceria Resources ,
_c2010
300 _a36 pages :
_bcolour illustrations ;
_c27 cm
336 _2rdacontent
_atext
337 _2rdamedia
_aunmediated
338 _2rdacarrier
_avolume
490 1 _aSiri monumen negara
650 1 0 _aHistoric sites - Malaysia.
830 0 _aSiri monumen negara
942 _ddc
_cB
999 _c108520
_d108520